| 000 | 00593nam a2200169Ia 4500 | ||
|---|---|---|---|
| 008 | 140529s9999 xx 000 0 und d | ||
| 020 | _a9781455706402 | ||
| 050 |
_aRM 300 _b.F79 2012 |
||
| 100 | _aFulcher, Eugenia M. | ||
| 245 |
_aStudent workbook for pharmacology : _bprinciples and applications : a worktext for allied health professionals / _cEugenia M. Fulcher, Robert M. Fulcher, Cathy D. Soto |
||
| 250 | _a3rd ed. | ||
| 260 |
_aSt. Louis, Mo. : _bSaunders, _cc2012. |
||
| 300 |
_a247 p. : _bill. ; _c28 cm. |
||
| 500 | _aIncludes appendix. | ||
| 942 |
_kFOR _cBK |
||
| 999 |
_c117609 _d117609 |
||